| 000 | 02006cam a22004814i 4500 | ||
|---|---|---|---|
| 003 | PE-LiUPU | ||
| 005 | 20250731173429.0 | ||
| 008 | 150706s2007 fl a r 000 0 spa d | ||
| 020 | _a9780829752069 | ||
| 035 | _a(Sirsi) i9780829752069 | ||
| 040 |
_aPE-LiUPU _bspa _cPE-LiUPU _erda |
||
| 049 | _aPRUA | ||
| 082 | 0 | 4 |
_a259.23 _bD18 _221 |
| 100 | 1 |
_aDavis, ken, _eautor. |
|
| 245 | 1 | 0 |
_aCómo hablarles a los jóvenes sin dormirlos / _cKen Davis. |
| 264 | 1 |
_aFlorida : _bEditoril Vida, _c2007. |
|
| 300 |
_a198 páginas : _bilustraciones ; _c22 centímetros |
||
| 336 |
_atext _2rdacontent |
||
| 337 |
_aunmediated _2rdamedia |
||
| 338 |
_avolume _2rdacarrier |
||
| 505 | 0 | _aPreparación: antes de abrir nuestros labios -- Preparación personal -- preparación objetiva -- Dime la antigua historia -- Dedicar tiempo -- Preparación física -- Una vez que nuestros labios empiezan a moverse -- Como hablar mejor -- Cómo hablar mejor -- Dejemos que nuestro cuerpo hable -- Movimiento avanzado de los labios -- En verdad, nuestro público de durmió -- Aplicaciones especiales -- Un desafío final. | |
| 526 | _aSEG42 | ||
| 526 | _aSEG41 | ||
| 526 | _aSEG40 | ||
| 526 | _aSEG39 | ||
| 526 | _aP94 | ||
| 526 | _aP87 | ||
| 526 | _aP86 | ||
| 526 | _aP85 | ||
| 526 | _aP77 | ||
| 526 | _aP76 | ||
| 526 | _aP35 | ||
| 541 | _g001-0000623; | ||
| 650 | 0 | 4 | _aTrabajo de iglesia con jóvenes. |
| 650 | 0 | 4 | _aPredicando a los jóvenes. |
| 650 | 0 | 4 |
_aComunicación _xCristianismo. |
| 910 |
_cng _d20130424 |
||
| 942 |
_2ddc _cBOOK |
||
| 949 |
_a259.23 D18 _wDEWEY _c1 _i67052 _lCCODEBUL1 _mBUL _p12.00 _r0 _sY _tBOOK _u2015-7-6 _xTEOLOGIA _PP35 _o.STAFF. Colección General |
||
| 994 |
_aC0 _bPEPRU |
||
| 596 | _a1 | ||
| 999 |
_a259.23 D18 _wDEWEY _c54758 _i67052 _d54758 _e2019-1-25 _f2021-11-10 _g5 _lCCODEBUL1 _mBUL _n8 _p12.00 _q1 _r0 _sY _tBOOK _u2015-7-6 _xTEOLOGIA _PP35 _0COMPRA _o.STAFF. Colección Teología |
||
| 980 |
_81 _gALBERTO SANCHEZ Responsable de Automatización |
||